Представление документа в формате MARC21

Поле Инд. ПП Название Значение
Тип записи a
Библиографический уровень m
001 Контрольный номер 9427fc4ee1e04b5fb61b12c7ebb8e719
005 Дата корректировки 20200430110737.2
008 Кодируемые данные 151021|||||||||ru |||||||||||||||||rus||
020 a ISBN 978-5-89476-297-5
041 0_ a Код языка текста rus
084 a Индекс другой классификации/Индекс ББК 65.9(2Рос)-05+65.051+60.6
090 a Полочн. индекс 65.9(2Рос)
x Авторский знак Р 76
245 10 a Заглавие Российский статистический ежегодник. 2010
b Продолж. заглавия стат. сб.
c Ответственность Федер. служба гос. статистики (Росстат)
260 a Место издания Москва
b Издательство Росстат
c Дата издания 2010
300 a Объем 813 с.
650 04 a Основная рубрика Российская Федерация-Статистические материалы
653 0_ a Ключевые слова Статистика
a Ключевые слова Строительство
a Ключевые слова Транспорт
a Ключевые слова Внешнеэкономическая деятельность
a Ключевые слова Здравоохранение
a Ключевые слова Инвестиции
a Ключевые слова Исследования научные
a Ключевые слова Труд
a Ключевые слова Уровень жизни населения
a Ключевые слова Население
a Ключевые слова Образование в России
a Ключевые слова Охрана окружающей среды
a Ключевые слова Природные ресурсы
a Ключевые слова Финансы
901 t Тип документа m